| 000 | 00804nac a22002291u 4500 | ||
|---|---|---|---|
| 003 | EG-ScBUE | ||
| 005 | 20221026123448.0 | ||
| 008 | 110116s1992 ua a f 000 0 ara d | ||
| 017 | _a1993 / 3671 | ||
| 020 | _a9770133213 | ||
| 040 |
_aEG-ScBUE _bara _erda _cEG-ScBUE _dEG-ScBUE |
||
| 082 | 0 | 4 |
_a732.8 _bب ق ش _222 |
| 100 | 1 |
_aبقشيش ، محمود، _eمؤلف. _921993 |
|
| 245 | 1 | 2 |
_aالنحت المصري الحديث / _cمحمود بقشيش. |
| 264 | 1 |
_aالقاهرة : _bالهيئة المصرية العامة للكتاب، _c1992. |
|
| 300 |
_a111 صفحة : _bإيضاحيات ؛ _c18 سم. |
||
| 490 | 0 |
_aدراسات فى نقد الفنون الجميلة ؛ _v3 |
|
| 650 | 7 |
_aالنحت المصري. _2BUEsh _922003 |
|
| 653 | _bART | ||
| 655 | _vReading book | ||
| 942 |
_cBB _2ddc |
||
| 999 |
_c6342 _d6342 |
||